000 02277nam a2200373 i 4500
001 23766167
003 OSt
005 20260406123302.0
008 240708t20242022nyua 000 0deng d
020 _a9781405968607
_qpaperback
040 _aDLC
_beng
_erda
_cDLC
_duoc
082 0 0 _223
_a973.932092
_bMIC
100 1 _aObama, Michelle,
_d1964-
_eauthor.
_94062
245 1 4 _aThe light we carry :
_bOvercoming in uncertain times /
_cMichelle Obama.
246 3 0 _aOvercoming in uncertain times
264 1 _aGreat Britain:
_bPenguin Books,
_c2024.
264 4 _c© Michelle Obama,2022.
264 4 _c© Penguin Random House LLC,2024.
300 _ax, 326 pages:
_billustrations ;
_c21 cm.
336 _atext
_btxt
_2rdacontent
337 _aunmediated
_bn
_2rdamedia
338 _avolume
_bnc
_2rdacarrier
504 _aIncludes bibliographical references (pages 309-316).
520 _a"Mrs. Obama offers readers a series of fresh stories and insightful reflections on change, challenge, and power, including her belief that when we light up for others, we can illuminate the richness and potential of the world around us, discovering deeper truths and new pathways for progress. Drawing from her experiences as a mother, daughter, spouse, friend, and First Lady, she shares the habits and principles she has developed to successfully adapt to change and overcome various obstacles--the earned wisdom that helps her continue to 'become.' She details her most valuable practices, like 'starting kind,' 'going high,' and assembling a 'kitchen table' of trusted friends and mentors. With trademark humor, candor, and compassion, she also explores issues connected to race, gender, and visibility, encouraging readers to work through fear, find strength in community, and live with boldness"--Provided by publisher.
600 1 0 _aObama, Michelle,
_d1964-
_94062
600 1 0 _aObama, Michelle,
_d1964-
_xFamily.
_94062
650 0 _aPresidents' spouses
_zUnited States.
_94063
650 0 _aAfrican American women lawyers
_zIllinois
_zChicago
_vBiography.
650 0 _aLawyers
_zIllinois
_zChicago
_vBiography.
_94064
650 0 _aConduct of life.
_91111
650 0 _aLegislators' spouses
_zUnited States
_vBiography.
_94065
655 7 _aBiographies.
_2lcgft
_94523
942 _2ddc
_cBK
999 _c1901
_d1901